An introduction to analytical atomic spectrometry

Tallennettuna:
Bibliografiset tiedot
Päätekijä: Ebdon, L (Tekijä)
Aineistotyyppi: Kirja
Kieli:englanti
Julkaistu: Chichester John Wiley 1998
Aiheet:
Tagit: Lisää tagi
Ei tageja, Lisää ensimmäinen tagi!

MARC

LEADER 00000nam a2200000 a 4500
001 UCM7312
003 CL-VaPUC
008 021213e19980000UK |||||||||||||||||eng|d
082 0 4 |a 543.0873  |b EBD  |2 21 
100 0 |a Ebdon, L  |e author  |9 472874 
245 1 3 |a An introduction to analytical atomic spectrometry 
300 |a 193 p 
942 |c BK 
945 |d 20021213 00:00:00  |a vberengu 
260 |a Chichester  |b John Wiley  |c 1998 
650 0 |a Espectroscopía  |9 306791 
650 0 |a Espectrometría   |9 356870 
583 |a last modification  |c 20021213 00:00:00  |k Rodrigo Vera 
999 |c 302159  |d 302157 
952 |0 0  |1 0  |4 0  |6 543_087300000000000_EBD_1998  |7 0  |8 A  |9 362221  |a BIBCUR  |b BIBCUR  |d 2019-11-21  |i 3862267  |o 543.0873 EBD 1998  |p 3862267  |r 2025-04-22  |w 2019-11-21  |y BK  |k QUI